Statistiken für Wales A-Z

Klicken Sie hier um das Quiz zu spielen!

Allgemein

  • Dieses Quiz wurde 27 mal gespielt
    (7 seit der letzten Aktualisierung)
  • Das Durchschnittsergebnis liegt bei 9 aus 26

Antwortstatistiken

HinweisAntwort% Korrekt
DMystisches WappentierDrache
86%
ENachbarlandEngland
86%
ISee im Norden und Westen{Irische} See
86%
CHauptstadtCardiff
71%
PLegendärer König manchmal mit Wales assoziiertArtus | Uther {Pendragon}
57%
ZFrau Michael DouglasCatherine Zeta-Jones
57%
BEinstmals der teuerste Fußballspieler der WeltGareth Bale
57%
WAmtsspracheWalisisch
57%
NEnglischer Name des Parlaments von Wales{National} Assembly
43%
UNationalsportRugby {Union}
43%
ANordwestlichster Verwaltungsbezirk
Größte Insel
Anglesey
29%
TVermeintlicher Zeugungsort ArtusBurg {Tintagel}
29%
FAn Cheshire grenzende Grafstadt
Stadt mit einer Verfassung von 1284
am Fluss Dee
{Flint}shire
29%
KSee im Südwesten{Keltische} See
29%
LOrt der zu Werbezwecken seinen Namen verlängerte{Llanfair}pwll­gwyngyllgogery­chwyrndrobwll­llantysilio­gogogoch
29%
ODer letzte walisische Fürst(Prince) von Wales{Owain} Glyndŵr
29%
MBezeichnung für die englisch-walisische GrenzregionWelsh {Marches}
29%
XChinesische Partnerstadt von #CXiamen
29%
JHäufigster NachnameJones
14%
HWalisischer Politiker und erster bzw. zweiter Abgeordneter der Labour Party im britischen Unterhaus 1892Keir Hardie
14%
QIn der Neuzeit war der Schiefertagebau sehr bedeutend
Nenne das englische Wort für einen solchen Steinbruch:
Slate {Quarry}
14%
YDer, die & das auf WalisischY
14%
GVerwaltungsbezirk gegen über von #AGwynedd
0%
RVogel und nationales Symbol der walisischen NaturRotmilan | Red Kite
0%
SHöchster Berg von Wales
liegt in #G
Snowdon
0%
VKontinentaleuropäischer Keltenstamm von dem
neben dem Wort welsch auch der Name Wales abgeleitet ist
Volcae
0%

Verteilung der Resultate

Perzentil nach korrekt beantworteten Fragen

Anzahl Personen mit jedem Resultat

Ihre Resultats-Entwicklung

Sie haben dieses Quiz seit der letzten Aktualisierung nicht gespielt